000 00705cam a22002533a 4500
001 4756
003 PGUSA
005 20140828083108.0
008 031201s2003||||xxu|||||s|||||000 p eng d
040 _aPGUSA
_beng
042 _adc
050 4 _aPS
100 1 _aIrwin, Wallace,
_d1876-1959
245 1 4 _aThe Love Sonnets of a Hoodlum
_h[electronic resource] /
_cWallace Irwin
260 _bProject Gutenberg,
_c2003
506 _aPublic domain in the USA.
516 _aElectronic text
653 _aHumorous poetry, American
653 _aSonnets
700 1 _aBurgess, Gelett,
_d1866-1951
830 0 _aProject Gutenberg
_v4756
856 4 0 _uhttp://www.gutenberg.org/ebooks/4756
942 _cEB
999 _c234085
_d234085